000 00611nam a2200193 i 4500
001 140786
003 ES-MaACL
005 20250702063102.0
007 t|
008 070917s1959 sp ||||1| spa d
100 1 _aWilde, Oscar,
_d1854-1900
_9241147
245 1 3 _aLa importancia de llamarse Ernesto
_b: ; Ser formal /
_cOscar Wilde ; traducción del inglés de B. Montuenga].
260 _aMadrid :
_bAlhambra,
_c[1959]
300 _a122 p. ;
_c15 cm.
500 _aTexto bilingüe.
700 1 _aMontuenga, Benito.
_9174105
852 _aES-MaACL
_jC-18076
_bR.44242
999 _c140786
_d140786